Southville International School and Colleges
Your cart is empty.
  • Cart
  • Lists
    Public lists Eva Luna New books Lux_list list_1
    Your lists Log in to create your own lists
  • Log in to your account
  • Your cookies
  • Search history
Southville International School and Colleges
  • Advanced search
  • Recent comments
  • Most popular
  • Libraries

Log in to your account

Log in with GOOGLE


If you do not have an external account, but do have a local account, you can still log in:

  1. Home
  2. MARC view: To kill a mocking bird
Normal view MARC view ISBD view

To kill a mocking bird (Record no. 365109)

[ view plain ]
MARC details
000 -LEADER
fixed length control field 00486nam a22001817a 4500
003 - CONTROL NUMBER IDENTIFIER
control field 0
005 - DATE AND TIME OF LATEST TRANSACTION
control field 20230810135431.0
008 - FIXED-LENGTH DATA ELEMENTS--GENERAL INFORMATION
fixed length control field 230810b xxu||||| |||| 00| 0 eng d
020 ## - INTERNATIONAL STANDARD BOOK NUMBER
International Standard Book Number 978-0-446-31078-9
050 ## - LIBRARY OF CONGRESS CALL NUMBER
Classification number PS 3562
Item number .L477 1960
100 ## - MAIN ENTRY--PERSONAL NAME
Personal name Lee, Harper
245 ## - TITLE STATEMENT
Title To kill a mocking bird
Statement of responsibility, etc Harper Lee
260 ## - PUBLICATION, DISTRIBUTION, ETC. (IMPRINT)
Place of publication, distribution, etc New York
Name of publisher, distributor, etc Grand Central Publishing
Date of publication, distribution, etc c1960.
300 ## - PHYSICAL DESCRIPTION
Extent 376 p.
Dimensions 17 cm.
500 ## - GENERAL NOTE
General note Juvenile literature.
600 ## - SUBJECT ADDED ENTRY--PERSONAL NAME
Source of heading or term Fiction.
9 (RLIN) 1
942 ## - ADDED ENTRY ELEMENTS (KOHA)
Source of classification or shelving scheme Library of Congress Classification
Koha item type Books
Holdings
Withdrawn status Lost status Source of classification or shelving scheme Damaged status Home library Current library Shelving location Date acquired Source of acquisition Total Checkouts Full call number Barcode Date last seen Price effective from Koha item type Sub Shelving location
    Library of Congress Classification   College Library College Library Fiction Section 08/10/2023 Donation   PS 3562 .L477 1960 C22849 08/10/2023 08/10/2023 Books  
    Library of Congress Classification   College Library College Library Fiction Section 06/25/2024 Donation   PS 3562 .L477 1960 C21405 06/25/2024 06/25/2024 Books  

To kill a mocking bird

APA

Lee H., . (1960). To kill a mocking bird. New York: Grand Central Publishing.

Chicago

Lee Harper, . 1960. To kill a mocking bird. New York: Grand Central Publishing.

Harvard

Lee H., . (1960). To kill a mocking bird. New York: Grand Central Publishing.

MLA

Lee Harper, . To kill a mocking bird. New York: Grand Central Publishing. 1960.

  • Place hold
  • Print
  • Cite
  • Add to your cart (remove)
  • Save record
    BIBTEX Dublin Core MARCXML MARC (non-Unicode/MARC-8) MARC (Unicode/UTF-8) MARC (Unicode/UTF-8, Standard) MODS (XML) RIS
  • More searches
    Search for this title in:
    Other Libraries (WorldCat) Other Databases (Google Scholar) Online Stores (Bookfinder.com) Open Library (openlibrary.org)

Exporting to Dublin Core...

SOUTHVILLE LIBRARY

Southville International School and Colleges Library

1281 Tropical Ave. Cor. Luxembourg St., BF Homes International, Las Pinas City

Tel. No. 8256374 / 252358 Loc. 117/146

Powered by Koha